Zákon o spotrebnej dani z liehu
Zákon č. 105/2004 Z.z. o spotrebnej dani z liehu v znení ďalších zákonov ... a zákona č. 52/2009 Z.z.
Na minha lista:
| Formato: | Capítulo de Livro |
|---|---|
| Idioma: | eslovaco |
| Assuntos: | |
| Tags: |
Sem tags, seja o primeiro a adicionar uma tag!
|
MARC
| LEADER | 00000naa$a2200000$$$4500 | ||
|---|---|---|---|
| 001 | 0098518 | ||
| 005 | 20231114100628.1 | ||
| 041 | 0 | |a slo | |
| 044 | |a SK | ||
| 245 | 1 | 0 | |a Zákon o spotrebnej dani z liehu |
| 520 | |a Zákon č. 105/2004 Z.z. o spotrebnej dani z liehu v znení ďalších zákonov ... a zákona č. 52/2009 Z.z. | ||
| 610 | 2 | 0 | |a dane spotrebné |
| 610 | 2 | 0 | |a lieh |
| 610 | 2 | 0 | |a Slovensko |
| 610 | 2 | 0 | |a zákony |
| 610 | 2 | 0 | |a 2004-2009 |